000 01301nam a2200313 a 4500
001 000020084
003 OSt
005 20201126092618.0
008 100720s2007 dr ad r 000 0 spa d
040 _aDO-SdBNP
_bspa
_cBNPHU
082 _a378.007
_bD542h
100 1 _aDíaz Esteve, José Vicente
_977431
245 1 0 _aHacia la evaluación de la inteligencia académica del estudiante dominicano :
_bsíntesis de estudios realizados con el test IAUD desde el 2002-2006 /
_cJosé Vicente Díaz Esteve ; presentación Ligia Amada Melo de Cardona.
260 _aSanto Domingo :
_bSEESCyT,
_c2007.
300 _a360 p. :
_bil., gráfcs., tablas ;
_c24 cm.
490 1 _aHumanidades
490 1 _aInvestigaciones
_v3
590 _aInventariado, 2018/BT
650 4 _aEducación
_xMétodos experimentales
_934222
650 4 _aPruebas de inteligencia
_942663
650 4 _aMediciones y pruebas educativas
_92223
651 4 _aEducación Superior
_zRepública Dominicana
_942664
700 1 _aMelo de Cardona, Ligia Amada,
_epresent.
_927174
710 2 _aSecretaria de Educación Superior, Ciencia y Tecnología
_942665
710 2 _aSecretaría de Estado de Educación
_912759
830 0 _aHumanidades
_pInventigaciones; 3
_942666
910 _aValidado. Control de calidad. EMS
942 _2ddc
_cLBS1
999 _c19592
_d19592